Normal view
MARC view
Entry Personal Name
001 - CONTROL NUMBER
- control field: 539958
003 - CONTROL NUMBER IDENTIFIER
- control field: OSt
005 - DATE AND TIME OF LATEST TRANSACTION
- control field: 20220930080830.0
008 - FIXED-LENGTH DATA ELEMENTS
- fixed length control field: 220930|| aca||aabn | a|a d
040 ## - CATALOGING SOURCE
- Original cataloging agency: OSt
- Transcribing agency: OSt
100 ## - HEADING--PERSONAL NAME
- Personal name: Pakhiddey Rohini
670 ## - SOURCE DATA FOUND
- Source citation: Work cat.: (OSt)870500: Pakhiddey Rohini, Study of androgen and esrogen receptors and Ki-67 expression in skin of patients with acne vulgaris before and after treatment with isotretinoin, 2007
